LEADER 01213nam a2200337 i 4500 001 991002798879707536 008 150701s2013 si a b 001 0 eng d 020 $a9789814440240 020 $a9814440248 035 $ab14233927-39ule_inst 040 $aBibl. Dip.le Aggr. Matematica e Fisica - Sez. Matematica$beng 082 0 $a515.7242$223 084 $aAMS 35-02 084 $aAMS 35B50 084 $aAMS 35B65 084 $aAMS 35D30 084 $aAMS 35J25 084 $aAMS 35P05 084 $aLC QA329.L67 100 1 $aLópez-Gómez, Julián$0480856 245 10$aLinear second order elliptic operators /$cJulián López-Gómez 260 $aSingapore ;$aHackensack, N.J. :$bWorld Scientific,$cc2013 300 $axviii, 337 p. :$bill. ;$c24 cm 504 $aIncludes bibliographical references (pages 319-330) and index 650 0$aElliptic operators 907 $a.b14233927$b14-07-15$c01-07-15 912 $a991002798879707536 945 $aLE013 35-XX LOP11 (2013)$g1$i2013000225319$lle013$op$pE51.98$q-$rl$s- $t0$u1$v0$w1$x0$y.i15686784$z14-07-15 996 $aLinear second order elliptic operators$9255412 997 $aUNISALENTO 998 $ale013$b01-07-15$cm$da $e-$feng$gsi $h0$i0 LEADER 02489nam 2200577 a 450 001 9910786015803321 005 20230803025257.0 010 $a1-118-40178-6 035 $a(CKB)2670000000327888 035 $a(EBL)894287 035 $a(OCoLC)826479259 035 $a(SSID)ssj0000906752 035 $a(PQKBManifestationID)11574982 035 $a(PQKBTitleCode)TC0000906752 035 $a(PQKBWorkID)10854720 035 $a(PQKB)11287386 035 $a(MiAaPQ)EBC894287 035 $a(JP-MeL)3000030534 035 $a(Au-PeEL)EBL894287 035 $a(CaPaEBR)ebr10645988 035 $a(CaONFJC)MIL427289 035 $a(OCoLC)825769522 035 $a(EXLCZ)992670000000327888 100 $a20130124d2013 uy 0 101 0 $aeng 135 $aur|n|---||||| 181 $ctxt 182 $cc 183 $acr 200 10$aDigital SLR video & filmmaking for dummies$b[electronic resource] /$fby John Carucci 210 $aHoboken, N.J. $cJohn Wiley & Sons, Inc.$d2013 215 $a1 online resource (419 p.) 225 0 $aFor dummies Digital SLR video & filmmaking for dummies 300 $aIncludes index. 311 $a1-118-36598-4 327 $apt. I. Joining the DSLR video revolution -- pt. II. Control the camera, control the movie -- pt. III. Fixing it in post -- pt. IV. Becoming a filmmaker -- pt. V. The part of tens. 330 $aStep-by-step guide for using your digital SLR to make quality video With digital SLR cameras becoming more and more popular as replacements for standalone video cameras, this book helps photographers become better videographers and shows videographers how to incorporate DSLRs into their work. The book includes an overview of the DSLR video tools and process and shows how to establish camera settings for effective capture, light a scene, get sound, and achieve the film look. The book also offers the basics on editing footage into a final product using common video editing tools.